书目信息 |
| 题名: |
经验与自然
|
|
| 作者: | 杜威 , 杜威 著 ;傅统先 译 | |
| 分册: | ||
| 出版信息: | 南京 江苏教育出版社 2005 |
|
| 页数: | 6,277页 | |
| 开本: | 24cm | |
| 丛书名: | 西方文库·学术译丛 | |
| 单 册: | ||
| 中图分类: | B712.51 | |
| 科图分类: | ||
| 主题词: | 实用主义--美国 | |
| 电子资源: | ||
| ISBN: | 7-5343-6556-2 | |
| 000 | 01127nam0 2200289 450 | |
| 001 | TS2006030001 | |
| 005 | 20061207110407.56 | |
| 010 | @a7-5343-6556-2@dCNY26.80 | |
| 100 | @a20060829d2005 ekmy0chiy0120 ea | |
| 101 | 1 | @achi@ceng |
| 102 | @aCN@b320000 | |
| 105 | @ay z 000yy | |
| 200 | 1 | @a经验与自然@AJing Yan Yu Zi Ran@dExperience and nature@f(美)杜威著@F(mei)du wei zhu@g傅统先译@zeng |
| 210 | @a南京@c江苏教育出版社@d2005 | |
| 215 | @a6,277页@d24cm | |
| 225 | 2 | @a西方文库·学术译丛@h第一辑 |
| 330 | @a作者把他的实用主义哲学基本观点称为“经验的自然主义”或“自然主义的经验论”。作者认为他的这种经验的自然主义与其他一切哲学都不相同,其他一切哲学好象都是用的一种“非经验的方法”,只有他的经验的自然主义才是用的“经验的方法”。作者认为经验就是人的有机体和环境互相作用的一个统一整体。 | |
| 410 | 0 | @12001 @a西方文库 |
| 410 | 0 | @12001 @a学术译丛 |
| 510 | 1 | @aExperience and nature@zeng |
| 606 | 0 | @a实用主义@y美国 |
| 690 | @aB712.51@v4 | |
| 701 | 1 | @a杜威@ADu Wei@4著 |
| 701 | 0 | @a杜威@Adu wei@4著 |
| 702 | 0 | @a傅统先@AFu Tong Xian@4译 |
| 801 | 0 | @aCN@b中图数据@c20061207 |
| 905 | @a10447@dB712.51@e25 | |
| 经验与自然=Experience and nature/(美)杜威著/傅统先译.-南京:江苏教育出版社,2005 |
| 6,277页;24cm.-(西方文库·学术译丛.第一辑) |
| ISBN 7-5343-6556-2:CNY26.80 |
| 作者把他的实用主义哲学基本观点称为“经验的自然主义”或“自然主义的经验论”。作者认为他的这种经验的自然主义与其他一切哲学都不相同,其他一切哲学好象都是用的一种“非经验的方法”,只有他的经验的自然主义才是用的“经验的方法”。作者认为经验就是人的有机体和环境互相作用的一个统一整体。 |
| ● |
| 相关链接 |
|
|
|
|
正题名:经验与自然
索取号:B712.51/25
 
预约/预借
| 序号 | 登录号 | 条形码 | 馆藏地/架位号 | 状态 | 备注 |
| 1 | 0611993 | 206119939 | 第一样本阅览室/ [索取号:B712.51/25] | 在馆 | |
| 2 | 0611994 | 206119948 | 第一借阅区/ [索取号:B712.51/25] | 在馆 | |
| 3 | 0611995 | 206119957 | 第一借阅区/ [索取号:B712.51/25] | 在馆 | |
| 4 | 0611996 | 206119966 | 第一借阅区/ [索取号:B712.51/25] | 在馆 | |
| 5 | 0611997 | 206119975 | 第一借阅区/ [索取号:B712.51/25] | 在馆 |